Guía completa del cultivo del tomate /
Guardado en:
| Autor Principal: | |
|---|---|
| Formato: | Libro |
| Idioma: | Spanish |
| Publicado: |
Barcelona :
De Vecchi,
c1999, reimp. 2002.
|
| Etiquetas: |
Agregar Etiqueta
Sin Etiquetas, Sea el primero en etiquetar este registro!
|
| LEADER | 00499nam a22001455a 4500 | ||
|---|---|---|---|
| 001 | EEA.libagro007482 | ||
| 005 | 20180514125245.0 | ||
| 008 | 130809s1999####sp#a##########000#0#spa#d | ||
| 020 | |a 8431523204 | ||
| 082 | 0 | 4 | |a 635.642 |
| 100 | 1 | |a Gorini, Fausto. | |
| 245 | 1 | 0 | |a Guía completa del cultivo del tomate / |c Fausto Gorini ; [traducción de Carme Farré Arana]. |
| 260 | |a Barcelona : |b De Vecchi, |c c1999, reimp. 2002. | ||
| 300 | |a 125 p. : |b il. ; |c 24 cm. | ||
| 859 | |a AR-BbBCA |b BIB. AGRONOMIA |h 635.642 |i G669 |p 2005/4853 | ||
